书目信息 |
| 题名: |
海权论
|
|
| 作者: | 马汉 著 ;宋毅 译 | |
| 分册: | ||
| 出版信息: | 武汉 华中科技大学出版社 2016 |
|
| 页数: | 10,520页 | |
| 开本: | 21cm | |
| 丛书名: | “战争论”丛书 | |
| 单 册: | ||
| 中图分类: | E815 | |
| 科图分类: | ||
| 主题词: | 制海权--zhi hai quan--研究 | |
| 电子资源: | ||
| ISBN: | 978-7-5680-0779-5 | |
| 000 | 01096nam0 22002771 450 | |
| 001 | 0118172411 | |
| 005 | 20170618172411.0 | |
| 010 | @a978-7-5680-0779-5@dCNY42.00 | |
| 100 | @a20160617d2016 em y0chiy50 ea | |
| 101 | 1 | @achi@ceng |
| 102 | @aCN@b420000 | |
| 105 | @aa z 000yy | |
| 106 | @ar | |
| 200 | 1 | @a海权论@Ahai quan lun@dSea power theory@f(美)马汉著@g宋毅译@zeng |
| 210 | @a武汉@c华中科技大学出版社@d2016 | |
| 215 | @a10,520页@c照片@d21cm | |
| 225 | 2 | @a“战争论”丛书@Azhan zheng lun cong shu@f马骏主编 |
| 330 | @a本书又名《海权对历史的影响》,构建了著名的马汉主义,直接促成了德、日、俄、美诸国海军的崛起。马汉认为,以贸易立国的国家,必须夺取并保持制海权,控制海洋。而要夺取和保持制海权,必须具有占优势的海上实力,即强大的舰队和商船队以及发达的基地网。 | |
| 461 | 0 | @12001 @a“战争论”丛书 |
| 510 | 1 | @aSea power theory@zeng |
| 606 | 0 | @a制海权@Azhi hai quan@x研究 |
| 690 | @aE815@v5 | |
| 701 | 0 | @c(美)@a马汉@Ama han@c(Mahan,Alfred Thayer@f1840~1914)@4著 |
| 702 | 0 | @a宋毅@Asong yi@c(军事)@4译 |
| 801 | 0 | @aCN@bTANGWEI@c20170616 |
| 905 | @b1009845-50@dE815@e42@f6 | |
| 海权论=Sea power theory/(美)马汉著/宋毅译.-武汉:华中科技大学出版社,2016 |
| 10,520页:照片;21cm.-(“战争论”丛书/马骏主编) |
| ISBN 978-7-5680-0779-5:CNY42.00 |
| 本书又名《海权对历史的影响》,构建了著名的马汉主义,直接促成了德、日、俄、美诸国海军的崛起。马汉认为,以贸易立国的国家,必须夺取并保持制海权,控制海洋。而要夺取和保持制海权,必须具有占优势的海上实力,即强大的舰队和商船队以及发达的基地网。 |
| ● |
| 相关链接 |
|
|
|
|
正题名:海权论
索取号:E815/42
 
预约/预借
| 序号 | 登录号 | 条形码 | 馆藏地/架位号 | 状态 | 备注 |
| 1 | 1009845 | 210098455 | 第一样本阅览室/ [索取号:E815/42] | 在馆 | |
| 2 | 1009846 | 210098464 | 教育系资料室/ [索取号:E815/42] | 在馆 | |
| 3 | 1009847 | 210098473 | 教育系资料室/ [索取号:E815/42] | 在馆 | |
| 4 | 1009848 | 210098482 | 教育系资料室/ [索取号:E815/42] | 在馆 | |
| 5 | 1009849 | 210098491 | 第一借阅区/ [索取号:E815/42] | 在馆 | |
| 6 | 1009850 | 210098507 | 第一借阅区/ [索取号:E815/42] | 在馆 |